Bravo!: communication, grammaire, culture et litterature: cahier d'exercices et manuel de laboratoire

I tiakina i:
Ngā taipitopito rārangi puna kōrero
Kaituhi matua: Agarwal, Morgane
Hōputu: Pukapuka
Reo:Ingarihi
I whakaputaina: Thomson Heinle 2002
Tags: Tāpirihia he Tūtohu
No Tags, Be the first to tag this record!

MARC

LEADER 00000nam a22000007a 4500
008 230726b |||||||| |||| 00| 0 eng d
020 |a 0838413271 
100 |a Agarwal, Morgane 
245 |a Bravo!:  |b  communication, grammaire, culture et litterature: cahier d'exercices et manuel de laboratoire  |c  / Morgane, Agarwal  |g 247p. 
250 |b 4th 
260 |b Thomson Heinle  |c 2002  |h boston  |i 654321  |i 670569  |l PC2129.B73  |m French language - Textbooks for foreign speakers  |m French language - Grammar  |m French language - Study and teaching  |m French language - Composition and exercises 
942 |a lcc  |c BK  |e A.R.Akinniyi  |f 26:7:23 
952 |0 0  |1 0  |2 lcc  |4 0  |6 PC2129 B731  |7 0  |9 4300  |a HOL  |b ART  |c LP  |d 2023-07-26  |l 0  |o PC2129.B731  |p 2023-0226  |r 2023-07-26 00:00:00  |t 654321  |w 2023-07-26  |y BK 
952 |0 0  |1 0  |2 lcc  |4 0  |6 PC2129 B731  |7 0  |9 4301  |a HOL  |b HOL  |c LP  |d 2023-07-26  |l 0  |o PC2129.B731  |p 2023-0227  |r 2023-07-26 00:00:00  |t 670569  |w 2023-07-26  |y BK 
999 |c 2160  |d 2160